00401nam a2200157Ia 45000010006000000050017000060080041000230410008000640820015000721000040000872450058001272600009001853000033001946500008002276540008002351550020260306170200.0260306t2015||||xx |||||||||||||| ||und|| aESP a541.3bR75 aRodríguez Esparza, Blanca E.eAUT 0aManual de laboratorio de química para ingenierías c2015 axiv, 162 páginas :c25 cm. aGEN aCCN